O byznysu a kariéře a jak v nich vítězit

Salvato in:
Dettagli Bibliografici
Autore principale: Welch, Jack
Altri autori: Welch, Suzy
Natura: Libro
Lingua:ceco
Pubblicazione: Praha Grada Publishing 2016
Soggetti:
Tags: Aggiungi Tag
Nessun Tag, puoi essere il primo ad aggiungerne!!

MARC

LEADER 00000nam a2200000 4500
001 0222043
005 20240313090202.4
020 |a 978-80-247-5825-1 
041 0 |a cze 
044 |a CZ 
245 1 0 |a O byznysu a kariéře  |b a jak v nich vítězit  |c Jack & Suzy Welch 
264 1 |a Praha  |b Grada Publishing  |c 2016 
300 |a 236 s. 
610 2 0 |a kariéra 
610 2 0 |a podnikanie 
610 2 0 |a marketing 
610 2 0 |a manažment krízový 
610 2 0 |a vedenie ľudí 
610 2 0 |a práca tímová 
610 2 0 |a sebapoznanie 
610 2 0 |a sebarealizácia 
100 1 |a Welch, Jack 
700 1 |a Welch, Suzy